Best practices in action : (Record no. 109221)
[ view plain ]
| 000 -LEADER | |
|---|---|
| fixed length control field | 00446nam a2200157 a 4500 |
| 005 - DATE AND TIME OF LATEST TRANSACTION | |
| control field | 20140414093840.0 |
| 008 - FIXED-LENGTH DATA ELEMENTS--GENERAL INFORMATION | |
| fixed length control field | 071008s19uu xx 00 eng d |
| 020 ## - INTERNATIONAL STANDARD BOOK NUMBER | |
| International Standard Book Number | 1-4166-0323-9 |
| 050 ## - LIBRARY OF CONGRESS CALL NUMBER | |
| Classification number | DVD 370 |
| Item number | ASC 2005 |
| 100 ## - MAIN ENTRY--PERSONAL NAME | |
| Personal name | ASCD |
| 245 ## - TITLE STATEMENT | |
| Title | Best practices in action : |
| Remainder of title | using visualization to enhance background knowledge / |
| Statement of responsibility, etc | ASCD. |
| 260 ## - PUBLICATION, DISTRIBUTION, ETC. (IMPRINT) | |
| Place of publication, distribution, etc | Sl : |
| Name of publisher, distributor, etc | ASCD, |
| Date of publication, distribution, etc | c2005. |
| 300 ## - PHYSICAL DESCRIPTION | |
| Extent | 1 videodisk (20 min.) |
| 942 ## - ADDED ENTRY ELEMENTS (KOHA) | |
| Koha item type | Audio Visual Materials |
| Withdrawn status | Lost status | Damaged status | Use restrictions | Home library | Current library | Shelving location | Date acquired | Source of acquisition | Total Checkouts | Full call number | Barcode | Date last seen | Price effective from | Koha item type |
|---|---|---|---|---|---|---|---|---|---|---|---|---|---|---|
| Luxembourg Library | Luxembourg Library | Audio Visual Material Section | 10/08/2007 | DVD 370 ASC 2005 | AV0852 | 04/14/2014 | 04/14/2014 | Audio Visual Materials |